[Event "Cheliabinsk-ch"]
[Site "Cheliabinsk"]
[Date "2011.01.23"]
[Round "7"]
[White "Sevastyanov, Michail"]
[Black "Dymshakov, Artem"]
[Result "1/2-1/2"]
[WhiteElo "2133"]
[BlackElo "2058"]
[PlyCount "87"]
[EventDate "2011.01.13"]
[EventType "swiss"]
[EventRounds "9"]
[EventCountry "RUS"]
[SourceTitle "EXT 2012"]
[Source "ChessBase"]
[SourceDate "2011.11.24"]
[SourceVersion "1"]
[SourceVersionDate "2011.11.24"]
[SourceQuality "1"]

1. f4 e5 2. fxe5 d6 3. exd6 Bxd6 4. Nf3 g5 5. g3 g4 6. Nh4 Ne7 7. d4 Ng6 8. Ng2 h5 9. Qd3 Qe7 10. Nc3 Nc6 11. e4 Bf5 12. Ne3 Nb4 13. Qb5+ Bd7 14. Qe2 0-0-0 15. Ned5 Nxd5 16. Nxd5 Qe6 17. Nf4 Bxf4 18. Bxf4 Nxf4 19. gxf4 Bb5 20. Qe3 Bc6 21. Bd3 Bxe4 22. Bxe4 Rhe8 23. 0-0-0 Qxe4 24. Qd2 Qe3 25. c3 Qxd2+ 26. Kxd2 c5 27. Kd3 cxd4 28. cxd4 Rd6 29. Rc1+ Kb8 30. Rhe1 Red8 31. Rc4 Rf6 32. Re4 h4 33. Rc2 h3 34. Rf2 Rh6 35. Rf1 f5 36. Re5 Rhd6 37. Rxf5 Rxd4+ 38. Ke3 Rd3+ 39. Ke4 Rd2 40. Rg5 Rxb2 41. Rxg4 Rxa2 42. Rh4 Rxh2 43. f5 Re8+ 44. Kf3 1/2-1/2

[Event "Cheliabinsk-ch"]
[Site "Cheliabinsk"]
[Date "2011.01.15"]
[Round "2"]
[White "Pleshakov, Anton"]
[Black "Sevastyanov, Michail"]
[Result "1-0"]
[WhiteElo "2054"]
[BlackElo "2133"]
[PlyCount "73"]
[EventDate "2011.01.13"]
[EventType "swiss"]
[EventRounds "9"]
[EventCountry "RUS"]
[SourceTitle "EXT 2012"]
[Source "ChessBase"]
[SourceDate "2011.11.24"]
[SourceVersion "1"]
[SourceVersionDate "2011.11.24"]
[SourceQuality "1"]

1. e4 g6 2. d4 Bg7 3. Bc4 c6 4. Nc3 b5 5. Bb3 b4 6. Nce2 d5 7. Nf3 Bg4 8. Ne5 Bc8 9. exd5 cxd5 10. Ba4+ Bd7 11. Nxd7 Nxd7 12. Bc6 Rc8 13. Bxd5 Ngf6 14. Bb3 0-0 15. 0-0 Nb6 16. a3 a5 17. axb4 axb4 18. Bd2 Qd6 19. Bf4 Qd7 20. h3 Nc4 21. Ra2 Nd5 22. Bg3 Qf5 23. c3 h5 24. Bc2 Qg5 25. h4 Qg4 26. b3 Nce3 27. fxe3 Nxe3 28. Qe1 Nxf1 29. Qxf1 bxc3 30. Qf2 Ra8 31. Rxa8 Rxa8 32. b4 Ra2 33. Bd3 c2 34. Bf4 Bf6 35. b5 Bxh4 36. Qf3 Qe6 37. Kh2 1-0

[Event "Cheliabinsk-ch HL op"]
[Site "Cheliabinsk"]
[Date "2010.01.??"]
[Round "4"]
[White "Sevastyanov, Michail"]
[Black "Gorbushin, Maksim"]
[Result "0-1"]
[WhiteElo "2187"]
[BlackElo "2012"]
[PlyCount "32"]
[EventDate "2010.01.??"]
[EventType "swiss"]
[EventRounds "9"]
[EventCountry "RUS"]
[SourceTitle "CBM 134 Extra"]
[Source "ChessBase"]
[SourceDate "2010.03.03"]
[SourceVersion "1"]
[SourceVersionDate "2010.03.03"]
[SourceQuality "1"]

1. f4 e5 2. fxe5 d6 3. exd6 Bxd6 4. Nf3 g5 5. g3 g4 6. Nh4 Ne7 7. d4 Ng6 8. Ng2 Nc6 9. c3 h5 10. Qd3 h4 11. Rg1 hxg3 12. hxg3 Bf8 13. Qe4+ Qe7 14. Nd2 Nge5 15. dxe5 Nxe5 16. Qe3 Nf3+ 0-1

[Event "Cheliabinsk Chess School Cup op"]
[Site "Cheliabinsk"]
[Date "2009.12.06"]
[Round "7"]
[White "Sevastyanov, Michail"]
[Black "Kozirev, Alexander"]
[Result "1-0"]
[WhiteElo "2171"]
[BlackElo "2351"]
[PlyCount "68"]
[EventDate "2009.11.30"]
[EventType "swiss"]
[EventRounds "9"]
[EventCountry "RUS"]
[SourceTitle "EXT 2012"]
[Source "ChessBase"]
[SourceDate "2011.11.24"]
[SourceVersion "1"]
[SourceVersionDate "2011.11.24"]
[SourceQuality "1"]

1. g3 d5 2. d4 Nf6 3. Bg2 c6 4. f3 Bf5 5. Nh3 Nbd7 6. Nf2 e5 7. e4 dxe4 8. fxe4 Be6 9. c3 exd4 10. cxd4 Bb4+ 11. Bd2 Qb6 12. Bxb4 Qxb4+ 13. Qd2 Qxd2+ 14. Nxd2 0-0-0 15. 0-0 Nb6 16. Nf3 Kb8 17. b3 Rhe8 18. Rfe1 Ng4 19. Nd3 f6 20. Nc5 Bf7 21. a4 a5 22. h3 Nh6 23. b4 axb4 24. Rab1 Nd7 25. Nxd7+ Rxd7 26. Rxb4 Ka7 27. a5 Bg6 28. e5 Rd5 29. Ra1 Be4 30. a6 bxa6 31. Bf1 a5 32. Bc4 Red8 33. Bxd5 Rxd5 34. Nd2 Bd3 1-0

[Event "Cheliabinsk Chess School Cup op"]
[Site "Cheliabinsk"]
[Date "2009.11.30"]
[Round "1"]
[White "Khazhipov, Timur"]
[Black "Sevastyanov, Michail"]
[Result "1/2-1/2"]
[WhiteElo "1930"]
[BlackElo "2171"]
[PlyCount "51"]
[EventDate "2009.11.30"]
[EventType "swiss"]
[EventRounds "9"]
[EventCountry "RUS"]
[SourceTitle "EXT 2012"]
[Source "ChessBase"]
[SourceDate "2011.11.24"]
[SourceVersion "1"]
[SourceVersionDate "2011.11.24"]
[SourceQuality "1"]

1. e4 g6 2. d4 Bg7 3. Nc3 c6 4. Be3 b5 5. g3 a6 6. Bg2 d6 7. Nf3 Nf6 8. e5 Nd5 9. Nxd5 cxd5 10. exd6 Qxd6 11. 0-0 0-0 12. Qd2 f6 13. Bf4 Qd8 14. Bh6 Nc6 15. Bxg7 Kxg7 16. Rae1 Qd6 17. Nh4 e6 18. Re3 Ra7 19. Rfe1 Rc7 20. c3 Rcf7 21. f4 Re7 22. Qe2 Rfe8 23. Nf3 b4 24. h4 bxc3 25. bxc3 Na5 26. Nd2 1/2-1/2

[Event "Cheliabinsk Region-ch op"]
[Site "Cheliabinsk"]
[Date "2008.08.26"]
[Round "8"]
[White "Sevastyanov, Michail"]
[Black "Matiushinsky, Vladimir"]
[Result "1-0"]
[WhiteElo "2189"]
[BlackElo "2053"]
[PlyCount "191"]
[EventDate "2008.08.03"]
[EventType "swiss"]
[EventRounds "9"]
[EventCountry "RUS"]
[SourceTitle "EXT 2022"]
[Source "ChessBase"]
[SourceDate "2021.10.06"]
[SourceVersion "1"]
[SourceVersionDate "2021.10.06"]
[SourceQuality "1"]

1. f4 e5 2. fxe5 d6 3. exd6 Bxd6 4. Nf3 Bg4 5. g3 Qd7 6. d4 Nf6 7. Bg2 Bh3 8. 0-0 Bxg2 9. Kxg2 Ne4 10. Nc3 Nxc3 11. bxc3 Nc6 12. Rb1 0-0-0 13. e4 f6 14. Qd3 g5 15. Qb5 b6 16. d5 Nb8 17. Qxd7+ Nxd7 18. Nd4 Rde8 19. Ne6 h5 20. Be3 h4 21. Bd4 Rh6 22. Rbe1 hxg3 23. hxg3 Reh8 24. Bg1 Ne5 25. Ng7 Bc5 26. Nf5 R6h7 27. Nd4 g4 28. Rxf6 Bxd4 29. cxd4 Nf3 30. Rxf3 gxf3+ 31. Kxf3 Rg8 32. Re3 Rhg7 33. Kg2 Rg4 34. c3 a5 35. Bh2 Kd7 36. e5 b5 37. Bg1 c6 38. e6+ Kd6 39. e7 Re8 40. dxc6 Kxc6 41. Re5 a4 42. Rc5+ Kd6 43. Rxb5 Rxe7 44. c4 Rge4 45. Kf3 Re1 46. Kg2 R1e2+ 47. Kh3 Rxa2 48. Rb6+ Kc7 49. d5 Rh7+ 50. Kg4 Rg7+ 51. Kf4 Rg2 52. Bd4 R7xg3 53. d6+ Kd7 54. Be5 Rb3 55. Ra6 Rf2+ 56. Ke4 Ke6 57. d7+ Kxd7 58. Rxa4 Re2+ 59. Kd4 Rbe3 60. Ra7+ Kc8 61. Bd6 Rb3 62. Rc7+ Kd8 63. Rh7 Rd2+ 64. Kc5 Rbd3 65. Bc7+ Ke8 66. Kc6 Rd7 67. Rh8+ Kf7 68. c5 R7d5 69. Bd6 Rxc5+ 70. Bxc5 Ke6 71. Re8+ Kf5 72. Bd6 Rd1 73. Re5+ Kf6 74. Kd7 Rb1 75. Re4 Rd1 76. Rf4+ Kg5 77. Rf2 Re1 78. Bb4 Re4 79. Bc3 Kg4 80. Kd6 Kg3 81. Rf7 Re8 82. Be5+ Kg4 83. Kd5 Ra8 84. Ke4 Ra4+ 85. Bd4 Kg5 86. Rg7+ Kh6 87. Rg8 Kh7 88. Rg4 Kh6 89. Kf5 Kh5 90. Rg5+ Kh4 91. Be5 Rb4 92. Rg7 Kh3 93. Rg3+ Kh4 94. Rf3 Rb5 95. Ra3 Rc5 96. Ra2 1-0

[Event "Cheliabinsk Region Cup 5th"]
[Site "Cheliabinsk"]
[Date "2007.09.06"]
[Round "5"]
[White "Kosatukhin, Andrey"]
[Black "Sevastyanov, Michail"]
[Result "0-1"]
[WhiteElo "2014"]
[BlackElo "2168"]
[PlyCount "58"]
[EventDate "2007.09.02"]
[EventType "swiss"]
[EventRounds "9"]
[EventCountry "RUS"]
[SourceTitle "EXT 2022"]
[Source "ChessBase"]
[SourceDate "2021.10.06"]
[SourceVersion "1"]
[SourceVersionDate "2021.10.06"]
[SourceQuality "1"]

1. e4 g6 2. d4 Bg7 3. Nc3 c6 4. Nf3 d5 5. h3 dxe4 6. Nxe4 Nd7 7. Be2 Ngf6 8. Nc3 Nd5 9. Nxd5 cxd5 10. 0-0 0-0 11. c3 Nf6 12. Bf4 Bf5 13. Be5 Bh6 14. Nh4 Bd7 15. Bd3 Ne4 16. Qe2 e6 17. Nf3 f6 18. Bh2 Bc6 19. Rfd1 Qb6 20. Rab1 Rfe8 21. Bxe4 dxe4 22. Nd2 f5 23. Be5 Qa5 24. Ra1 Bb5 25. Qe1 Bd3 26. Nf1 Qb5 27. Bd6 Rad8 28. Ba3 Bc2 29. Rd2 Bd3 0-1

[Event "Cheliabinsk Region Cup 5th"]
[Site "Cheliabinsk"]
[Date "2007.09.05"]
[Round "4"]
[White "Sevastyanov, Michail"]
[Black "Vyatkin, Dmitry"]
[Result "0-1"]
[WhiteElo "2168"]
[BlackElo "2355"]
[PlyCount "69"]
[EventDate "2007.09.02"]
[EventType "swiss"]
[EventRounds "9"]
[EventCountry "RUS"]
[SourceTitle "EXT 2022"]
[Source "ChessBase"]
[SourceDate "2021.10.06"]
[SourceVersion "1"]
[SourceVersionDate "2021.10.06"]
[SourceQuality "1"]

1. g3 e5 2. e4 Bc5 3. Bg2 d6 4. c3 Nc6 5. Ne2 Nf6 6. d4 Bb6 7. 0-0 0-0 8. h3 Re8 9. d5 Ne7 10. Na3 a5 11. Nc4 Bc5 12. Be3 Bxe3 13. Nxe3 Nd7 14. Kh2 a4 15. b4 axb3 16. axb3 Rxa1 17. Qxa1 Nf8 18. Qa7 Nfg6 19. Bf3 f5 20. exf5 Nxf5 21. Nxf5 Bxf5 22. Qxb7 Bd3 23. Ra1 Qf6 24. Ng1 e4 25. Ra8 Rxa8 26. Qxa8+ Nf8 27. Bg2 Qxf2 28. Qa4 e3 29. Qa1 Ng6 30. Nf3 Be4 31. Ne1 Bxg2 32. Nxg2 Ne5 33. h4 e2 34. Kh3 Qf5+ 35. Kh2 0-1

[Event "RUS-chT Clubs sf"]
[Site "Cheliabinsk"]
[Date "2005.01.??"]
[Round "9"]
[White "Sevastyanov, Michail"]
[Black "Matsenko, Sergei"]
[Result "0-1"]
[WhiteElo "2133"]
[BlackElo "2248"]
[PlyCount "74"]
[EventDate "2005.01.??"]
[EventType "team"]
[EventRounds "9"]
[EventCountry "RUS"]
[SourceTitle "EXT 2006"]
[Source "ChessBase"]
[SourceDate "2005.11.24"]
[SourceVersion "1"]
[SourceVersionDate "2005.11.24"]
[SourceQuality "1"]

1. c4 Nf6 2. Nc3 d6 3. g3 g6 4. Bg2 Bg7 5. f4 e5 6. d3 exf4 7. gxf4 0-0 8. Nf3 Nc6 9. e4 Nh5 10. 0-0 f5 11. exf5 Bxf5 12. Ng5 Qd7 13. Be3 Rae8 14. Nge4 Nd4 15. Qd2 Bh3 16. Rf2 Bxg2 17. Kxg2 Nf5 18. Kh1 c6 19. Rf3 Nxe3 20. Rxe3 Rxf4 21. Rae1 Ref8 22. Qg2 Bd4 23. Ng3 Bxe3 24. Nxh5 R4f5 25. Ne4 Bd4 26. Nhg3 Rf3 27. Ng5 Re3 28. Rf1 Rxf1+ 29. Nxf1 Re8 30. Nf3 Bg7 31. b3 Qf5 32. h4 Qxd3 33. h5 Rf8 34. N1d2 Bc3 35. hxg6 Qxg6 36. Qh3 Bxd2 37. Nxd2 Rf5 0-1

[Event "RUS-ch U26"]
[Site "Ufa"]
[Date "2004.05.12"]
[Round "8"]
[White "Sevastyanov, Michail"]
[Black "Kuznesov, Andrei"]
[Result "0-1"]
[WhiteElo "2141"]
[BlackElo "2318"]
[PlyCount "66"]
[EventDate "2004.05.??"]
[EventType "swiss"]
[EventRounds "9"]
[EventCountry "RUS"]
[SourceTitle "EXT 2005"]
[Source "ChessBase"]
[SourceDate "2004.11.15"]
[SourceVersion "1"]
[SourceVersionDate "2004.11.15"]
[SourceQuality "1"]

1. g3 d5 2. f4 Nf6 3. Bg2 c5 4. d3 Nc6 5. Nf3 g6 6. 0-0 Bg7 7. Nc3 d4 8. Ne4 Qb6 9. h3 Nd5 10. Nh4 Ne3 11. Bxe3 dxe3 12. Rb1 Be6 13. Nc3 Nd4 14. Nd5 Bxd5 15. Bxd5 e6 16. Bg2 Bf6 17. Nf3 Nf5 18. Kh2 h5 19. c3 Qc7 20. Qa4+ Kf8 21. d4 h4 22. Ne5 hxg3+ 23. Kg1 Bxe5 24. dxe5 Kg7 25. Rbd1 Rad8 26. Rxd8 Rxd8 27. Rd1 Rd2 28. Re1 Qb6 29. b3 Qd8 30. b4 cxb4 31. cxb4 Nd4 32. Bf3 Nxf3+ 33. exf3 Qh4 0-1